| 000 | 01822nam a2200469 i 4500 | ||
|---|---|---|---|
| 001 | 193326 | ||
| 003 | SpMaBN | ||
| 005 | 20250822095228.0 | ||
| 007 | ta | ||
| 008 | 231102s2005 sp | ||| ||spa | ||
| 016 | 7 |
_abimoBNE20050384993 _2SpMaBN |
|
| 017 |
_aM 24989-2005 _bOficina Depósito Legal Madrid |
||
| 020 | _a8427031521 | ||
| 035 | _a(OCoLC)433533645 | ||
| 035 | _abimo0002032431 | ||
| 040 |
_aSpMaBN _bspa _cSpMaBN _erdc _dES-MaACL |
||
| 080 | _a821.134.1-7"19"(082.2) | ||
| 245 | 0 | 0 |
_aCosas nuestras : _bmonólogos / _cAndreu Buenafuente, Xavier Cassadó, David Escardó, Carles Torras |
| 250 | _aPrimera edición en esta presentación, segunda reimpresión: junio de 2005 | ||
| 260 |
_aMadrid : _bMartínez Roca, _c2005. |
||
| 300 |
_a214 páginas : _bilustraciones (blanco y negro) ; _c24 cm |
||
| 336 |
_2rdacontent _aTexto |
||
| 337 |
_2rdamedia _asin mediación |
||
| 338 |
_2rdacarrier _avolumen |
||
| 490 | 1 | _aMR heterodoxia | |
| 500 | _aÍndice | ||
| 500 | _aLibro basado en los monólogos del programa "La Cosa Nostra" | ||
| 534 | _pTítulo original: Digue'm agosarat, els monòlegs | ||
| 650 | 7 |
_aHumorismo catalán _2embne _9140194 |
|
| 655 | 7 |
_9234535 _aMonólogos humorísticos |
|
| 700 |
_aBuenafuente, Andreu, _d1965- _eaut _9234472 |
||
| 700 | 1 |
_aCassadó, Xavier _9234533 _eaut |
|
| 700 | 1 |
_aEscardó, David _9234534 _eaut |
|
| 830 |
_aMR heterodoxia _9224014 |
||
| 852 |
_aEs-MaACL _9200772 _bR.154767 _jN-9526 _cDEPOJ _hDonación: José Lázaro García _xEncuadernación rústica con solapas |
||
| 942 |
_n0 _cMONOGRAFIA |
||
| 999 |
_c193326 _d193326 |
||